<?xml version="1.0" encoding="UTF-8"?>
<record
    xmlns:xsi="http://www.w3.org/2001/XMLSchema-instance"
    xsi:schemaLocation="http://www.loc.gov/MARC21/slim http://www.loc.gov/standards/marcxml/schema/MARC21slim.xsd"
    xmlns="http://www.loc.gov/MARC21/slim">

  <leader>01092nmm a22003495u 4500</leader>
  <datafield tag="999" ind1=" " ind2=" ">
    <subfield code="c">21858</subfield>
    <subfield code="d">21858</subfield>
  </datafield>
  <controlfield tag="005">20200810212211.0</controlfield>
  <controlfield tag="008">100301s2007    xx         j        eng d</controlfield>
  <datafield tag="020" ind1=" " ind2=" ">
    <subfield code="a">9781402058318</subfield>
  </datafield>
  <datafield tag="050" ind1="0" ind2="4">
    <subfield code="a">Q180.6.G3</subfield>
    <subfield code="b">J36 2007</subfield>
  </datafield>
  <datafield tag="100" ind1="1" ind2=" ">
    <subfield code="a">Jansen, Dorothea.</subfield>
  </datafield>
  <datafield tag="245" ind1="1" ind2="0">
    <subfield code="a">New Forms of Governance in Research Organizations</subfield>
    <subfield code="h">[electronic resource] :</subfield>
    <subfield code="b">Disciplinary Approaches, Interfaces and Integration /</subfield>
    <subfield code="c">edited by Dorothea Jansen.</subfield>
  </datafield>
  <datafield tag="250" ind1=" " ind2=" ">
    <subfield code="a">1a ed.</subfield>
  </datafield>
  <datafield tag="260" ind1=" " ind2=" ">
    <subfield code="a">Dordrecht :</subfield>
    <subfield code="b">Springer,</subfield>
    <subfield code="c">2007.</subfield>
  </datafield>
  <datafield tag="300" ind1=" " ind2=" ">
    <subfield code="b">v.: digital</subfield>
  </datafield>
  <datafield tag="650" ind1=" " ind2="4">
    <subfield code="a">Institutos de investigaci&#xF3;n </subfield>
    <subfield code="x">Administraci&#xF3;n</subfield>
    <subfield code="z">Alemania </subfield>
  </datafield>
  <datafield tag="650" ind1=" " ind2="4">
    <subfield code="a">Institutos de investigaci&#xF3;n </subfield>
    <subfield code="x">Administraci&#xF3;n</subfield>
    <subfield code="z"> Europa Occidental </subfield>
  </datafield>
  <datafield tag="650" ind1=" " ind2="4">
    <subfield code="a">Universidades </subfield>
    <subfield code="x">Investigaci&#xF3;n</subfield>
    <subfield code="z">Alemania</subfield>
  </datafield>
  <datafield tag="650" ind1=" " ind2="4">
    <subfield code="a">Universidades</subfield>
    <subfield code="x"> Investigaci&#xF3;n </subfield>
    <subfield code="z">Europa Occidental</subfield>
  </datafield>
  <datafield tag="650" ind1=" " ind2="4">
    <subfield code="a">Gobierno corporativo </subfield>
    <subfield code="z">Alemania</subfield>
  </datafield>
  <datafield tag="650" ind1=" " ind2="4">
    <subfield code="a">Gobierno corporativo</subfield>
    <subfield code="z">Europa Occidental</subfield>
  </datafield>
  <datafield tag="710" ind1="2" ind2=" ">
    <subfield code="a">SpringerLink (Online service)</subfield>
  </datafield>
  <datafield tag="773" ind1="0" ind2=" ">
    <subfield code="t">Springer eBooks</subfield>
  </datafield>
  <datafield tag="856" ind1="4" ind2="0">
    <subfield code="u">http://dx.doi.org/10.1007/978-1-4020-5831-8</subfield>
  </datafield>
  <datafield tag="942" ind1=" " ind2=" ">
    <subfield code="2">lcc</subfield>
    <subfield code="c">LIE</subfield>
  </datafield>
  <datafield tag="952" ind1=" " ind2=" ">
    <subfield code="1">0</subfield>
    <subfield code="2">lcc</subfield>
    <subfield code="4">0</subfield>
    <subfield code="7">0</subfield>
    <subfield code="a">DIGITAL</subfield>
    <subfield code="b">DIGITAL</subfield>
    <subfield code="c">COLDIG</subfield>
    <subfield code="d">2012-02-02</subfield>
    <subfield code="k">CNE</subfield>
    <subfield code="o">Q180.6.G3 J36 2007</subfield>
    <subfield code="p">BDIG00004410</subfield>
    <subfield code="r">2015-01-16 00:00:00</subfield>
    <subfield code="t">1</subfield>
    <subfield code="u">http://dx.doi.org/10.1007/978-1-4020-5831-8</subfield>
    <subfield code="v">1.00</subfield>
    <subfield code="y">LIE</subfield>
    <subfield code="z">SpringerLink</subfield>
  </datafield>
</record>
